UBT Library

Instituti për Kontabilitet Auditim Financa (Record no. 60975)

000 -LEADER
fixed length control field 00287nam a22001217a 4500
008 - FIXED-LENGTH DATA ELEMENTS--GENERAL INFORMATION
fixed length control field 260416b ||||| |||| 00| 0 eng d
041 ## - LANGUAGE CODE
Language code of text/sound track or separate title Shqip
080 ## - UNIVERSAL DECIMAL CLASSIFICATION NUMBER
Universal Decimal Classification number 1.1
100 ## - Rafti
Rafti 19
101 ## - Shkurtesa
Shkurtesa Kontabilitet
245 ## - TITLE STATEMENT
Title Instituti për Kontabilitet Auditim Financa
Statement of responsibility, etc KAF
942 ## - ADDED ENTRY ELEMENTS (KOHA)
Source of classification or shelving scheme
Item type Books
Holdings
Withdrawn status Lost status Source of classification or shelving scheme Damaged status Not for loan Collection code Permanent location Current location Date acquired Total Checkouts Barcode Date last seen Price effective from Koha item type
          Koleksioni i përgjithshem UBT - Lipjan UBT - Lipjan 04/16/2026   003-800070999646 04/16/2026 04/16/2026 Books
          Koleksioni i përgjithshem UBT - Lipjan UBT - Lipjan 04/16/2026   003-800070999647 04/16/2026 04/16/2026 Books
          Koleksioni i përgjithshem UBT - Lipjan UBT - Lipjan 04/16/2026   003-800070999648 04/16/2026 04/16/2026 Books
          Koleksioni i përgjithshem UBT - Lipjan UBT - Lipjan 04/16/2026   003-800070999649 04/16/2026 04/16/2026 Books
          Koleksioni i përgjithshem UBT - Lipjan UBT - Lipjan 04/16/2026   003-800070999650 04/16/2026 04/16/2026 Books
UBT Library © 2015-2024. All rights reserved University Education for Business and Technology